Report of the Second Educational survey of Maharashtra State (Record no. 494465)

000 -LEADER
fixed length control field 00390cam a22001097a 4500
008 - FIXED-LENGTH DATA ELEMENTS--GENERAL INFORMATION
fixed length control field 180718b1965-66 xxu||||| |||| 00| 0 eng d
082 ## - DEWEY DECIMAL CLASSIFICATION NUMBER
Classification number P068x5442 M278/1965-66
245 ## - TITLE STATEMENT
Title Report of the Second Educational survey of Maharashtra State
Statement of responsibility, etc. by State of Education Department
260 ## - PUBLICATION, DISTRIBUTION, ETC.
Place of publication, distribution, etc. Poona
Name of publisher, distributor, etc. Directorate of Education
Date of publication, distribution, etc. 1965-66
300 ## - PHYSICAL DESCRIPTION
Extent 188p.
700 ## - ADDED ENTRY--PERSONAL NAME
Personal name Maharashtra.Education Department
Holdings
Withdrawn status Lost status Damaged status Not for loan Permanent Location Current Location Date acquired Full call number Barcode Date last seen Price effective from Koha item type
        Indian Institute of Public Administration Indian Institute of Public Administration 2018-08-04 P068x5442 M278/1965-66 GG12187 2018-08-04 2018-08-04 GG

Powered by Koha